Επίπεδα Γλωσσικής Ανάπτυξης / 5η Έκδοση (Record no. 3151)
[ view plain ]
| 000 -LEADER | |
|---|---|
| fixed length control field | 01287cam a22002054a 4500 |
| 005 - ΗΜΕΡΟΜΗΝΙΑ ΚΑΙ ΩΡΑ ΤΕΛΕΥΤΑΙΑΣ ΕΝΗΜΕΡΩΣΗΣ | |
| Πεδίο ελέγχου | 20250605164106.0 |
| 008 - FIXED-LENGTH DATA ELEMENTS--GENERAL INFORMATION | |
| Πεδίο ελέγχου σταθερού μήκους | 250528s ||||||||||||||||||||||||d |
| 035 ## - SYSTEM CONTROL NUMBER | |
| System control number | 17750 |
| 020 ## - ISBN | |
| ISBN | 9789602311325 |
| 040 ## - ΠΗΓΗ ΚΑΤΑΛΟΓΟΓΡΑΦΗΣΗΣ | |
| Φορέας πρωτότυπης καταλογογράφησης | MC Athens Campus Library |
| Γλώσσα καταλογογράφησης | Ελληνικά, Μοντέρνα (1453-) |
| Modifying agency | MC Athens Campus Library |
| Κανόνες περιγραφικής καταλογογράφησης | AACR2 |
| 245 1# - ΤΙΤΛΟΣ ΚΑΙ ΔΗΛΩΣΗ ΥΠΕΥΘΥΝΟΤΗΤΑΣ | |
| Τίτλος | Επίπεδα Γλωσσικής Ανάπτυξης / 5η Έκδοση |
| 250 ## - EDITION STATEMENT | |
| Edition statement | 5η |
| 260 ## - PUBLICATION, DISTRIBUTION, ETC. | |
| Name of publisher, distributor, etc. | Ινστιτούτο Νεοελληνικών Σπουδών, |
| Date of publication, distribution, etc. | 2013 |
| 300 ## - PHYSICAL DESCRIPTION | |
| Extent | 132 |
| 520 ## - SUMMARY, ETC. | |
| Summary, etc. | Ένα σύντομο χρηστικό βοήθημα στη μελέτη των μονάδων και των επιπέδων της γλωσσικής ανάλυσης, βάσει της οποίας μπορεί κανείς να επιχειρήσει μια περαιτέρω διερεύνηση των γλωσσολογικών προβλημάτων. Πρόλογος, Εισαγωγή, Φωνητική, Φωνολογία, Μορφολογία, Σύνταξη, Σημασιολογία, Πραγματολογία, Κοινωνιογλωσσολογία, Αντί Επιλόγου: Μεθοδολογικά Ζητήματα, Βιβλιογραφία, Ευρετήριο Όρων και Ονομάτων. |
| 700 1# - ΠΡΟΣΘΕΤΗ ΑΝΑΓΡΑΦΗ--ΦΥΣΙΚΟ ΠΡΟΣΩΠΟ | |
| Personal name | Παυλίδου Θ.Σ |
| 9 (RLIN) | 3953 |
| 942 ## - ADDED ENTRY ELEMENTS (KOHA) | |
| Koha item type | Books |
| Τύπος τεκμηρίου | Βιβλιοθήκη | Τρέχουσα τοποθεσία | Barcode | Αριθμός εισαγωγής | Ημερομηνία απόκτησης | Ταξιθετικό σύμβολο | Αριθμός αντιτύπου | Κατάσταση απόσυρσης | Κατάσταση χαμένου | Κατάσταση κατεστραμμένου | Μη δανεισμός | Σύνολο δανεισμών | Ημερομηνία τελευταίας εμφάνισης | Η τιμή ισχύει από |
|---|---|---|---|---|---|---|---|---|---|---|---|---|---|---|
| Books | MC Athens Campus Library | MC Athens Campus Library | 9780000031501 | 7114 | 05/06/2025 | 410 PAV | 1 | 05/06/2025 | 05/06/2025 |